| 000 | 00413nam a22001457a 4500 | ||
|---|---|---|---|
| 020 | _a0-07-084354-6 | ||
| 082 | _a620.1 MCL'T | ||
| 100 |
_aNELSON, E. W:MCLEAM, W. G _973820 |
||
| 245 | _aTHEORY AND PROBLEMS OF ENGINEERING MECHANICS STATIC AND DYNAMICS:SCHAUM'S OUTLINE SERIES | ||
| 250 | _a3RD | ||
| 260 |
_aNEWYORK _bMCGRAW HILL _c1980 |
||
| 300 | _a406P | ||
| 650 |
_aMECHANICS APPLIED _913090 |
||
| 942 | _cBK | ||
| 999 |
_c579463 _d579463 |
||